[Event "BCF-chT 2223 (4NCL)"]
[Site "England"]
[Date "2023.03.19"]
[Round "8.3"]
[White "Kelmendi, Bajrush"]
[Black "Lupulescu, Constantin"]
[Result "1/2-1/2"]
[WhiteElo "1942"]
[BlackElo "2580"]
[PlyCount "96"]
[EventDate "2022.10.22"]
[EventType "team-swiss"]
[EventRounds "11"]
[EventCountry "ENG"]
[SourceTitle "CBM 213 Extra"]
[Source "ChessBase"]
[SourceDate "2023.05.31"]
[SourceVersion "1"]
[SourceVersionDate "2023.05.31"]
[SourceQuality "1"]
[WhiteTeam "Celtic Tigers"]
[BlackTeam "Chess.com Manx Liberty"]
[WhiteTeamCountry "ENG"]
[BlackTeamCountry "ENG"]

1. e4 c5 2. c4 Nc6 3. Nc3 g6 4. d3 Bg7 5. Be2 d6 6. g4 Nd4 7. h4 Nxe2 8. Qxe2 Nf6 9. f3 h5 10. g5 Nd7 11. Nh3 Ne5 12. Nf2 Rb8 13. a4 a6 14. 0-0 Nc6 15. Be3 Nd4 16. Bxd4 Bxd4 17. Kg2 Bd7 18. Qd2 b5 19. cxb5 axb5 20. a5 0-0 21. Ne2 Bg7 22. d4 b4 23. Rfc1 Bb5 24. dxc5 dxc5 25. Rd1 Qxd2 26. Rxd2 Rfd8 27. Rad1 Rxd2 28. Rxd2 Ra8 29. Nc1 Rxa5 30. Nb3 Ra2 31. Nxc5 Rxb2 32. Rd5 Bc3 33. Rd1 Kg7 34. Kg3 Be2 35. Rd7 Be1 36. Rxe7 Bc4 37. Nd7 Rxf2 38. Nf6 Rd2+ 39. Kf4 Rd8 40. Rb7 b3 41. e5 Bd2+ 42. Kg3 Bc3 43. f4 b2 44. Kf3 Ba2 45. e6 Bxe6 46. f5 Bxf5 47. Ne4 Rd3+ 48. Kf4 Rd4 1/2-1/2

[Event "BCF-chT 2223 (4NCL)"]
[Site "England"]
[Date "2023.03.18"]
[Round "7.2"]
[White "Camacho Collados, Jose"]
[Black "Kelmendi, Bajrush"]
[Result "1-0"]
[WhiteElo "2405"]
[BlackElo "1942"]
[PlyCount "119"]
[EventDate "2022.10.22"]
[EventType "team-swiss"]
[EventRounds "11"]
[EventCountry "ENG"]
[SourceTitle "CBM 213 Extra"]
[Source "ChessBase"]
[SourceDate "2023.05.31"]
[SourceVersion "1"]
[SourceVersionDate "2023.05.31"]
[SourceQuality "1"]
[WhiteTeam "Chessable White Rose"]
[BlackTeam "Celtic Tigers"]
[WhiteTeamCountry "ENG"]
[BlackTeamCountry "ENG"]

1. d4 g6 2. Nf3 Bg7 3. e4 b6 4. c3 Bb7 5. Bd3 e6 6. 0-0 Ne7 7. Re1 d5 8. e5 Nd7 9. a4 a6 10. h3 c5 11. b3 Qc7 12. Bg5 h6 13. Bh4 Rc8 14. Na3 Nf5 15. Qe2 Ra8 16. Bxf5 gxf5 17. Rac1 Bf8 18. c4 Be7 19. b4 Rc8 20. bxc5 bxc5 21. cxd5 Bxd5 22. Qxa6 Bxf3 23. Bxe7 Rg8 24. Re3 Bxg2 25. Rg3 Rxg3 26. fxg3 Bb7 27. Qd6 Qxd6 28. exd6 cxd4 29. Rxc8+ Bxc8 30. Nb5 Nc5 31. a5 d3 32. Kf2 Kd7 33. Ke3 e5 34. Bf8 h5 35. Nc7 e4 36. Nd5 Bb7 37. Nf6+ Ke6 38. Nxh5 Nb3 39. Ng7+ Kd7 40. Nxf5 Nxa5 41. Kd4 Nb3+ 42. Kc3 Nc5 43. h4 Ke6 44. g4 Nd7 45. Bg7 f6 46. h5 Kf7 47. Bh6 Bc8 48. Ne7 Bb7 49. Bf4 Nf8 50. h6 Ke6 51. Nf5 Ba6 52. Kd2 Ng6 53. h7 Nh8 54. Ke3 Bb7 55. Bh6 Nf7 56. Bg7 Bc8 57. Nh6 Nxd6 58. h8Q Bb7 59. Qg8+ Ke5 60. Nf7+ 1-0

[Event "EU-ch Cities&Town op"]
[Site "Tornelo INT"]
[Date "2023.01.29"]
[Round "?"]
[White "Klokas, Konstantinos"]
[Black "Kelmendi, Bajrush"]
[Result "0-1"]
[WhiteElo "2069"]
[BlackElo "1942"]
[PlyCount "62"]
[EventDate "2023.01.29"]
[EventType "team-swiss"]
[EventRounds "9"]
[EventCountry "NET"]
[SourceTitle "CBM 212 Extra"]
[Source "ChessBase"]
[SourceDate "2023.03.31"]
[SourceVersion "1"]
[SourceVersionDate "2023.03.31"]
[SourceQuality "1"]
[WhiteTeam "Heraklion"]
[BlackTeam "West London Hammersmith"]
[WhiteTeamCountry "GRE"]
[BlackTeamCountry "ENG"]

1. e4 g6 2. d4 Bg7 3. f4 b6 4. Nf3 Bb7 5. Bd3 e6 6. 0-0 Ne7 7. c3 d5 8. e5 Nd7 9. Be3 c5 10. Bf2 c4 11. Bc2 b5 12. a4 a6 13. axb5 axb5 14. Rxa8 Bxa8 15. g4 Qb6 16. Kg2 h5 17. h3 b4 18. Nbd2 Bc6 19. f5 hxg4 20. hxg4 gxf5 21. gxf5 exf5 22. Ng5 Nf8 23. Rh1 Rg8 24. Qh5 Neg6 25. Bxf5 Nf4+ 26. Kf3 Nxh5 27. Rxh5 bxc3 28. bxc3 Qb2 29. Nb1 Bd7 30. Bxd7+ Kxd7 31. Rh1 Ne6 0-1

[Event "Hammersmith CC op"]
[Site "London"]
[Date "2022.06.04"]
[Round "2"]
[White "Roberson, Peter T"]
[Black "Kelmendi, Bajrush"]
[Result "1-0"]
[WhiteElo "2494"]
[BlackElo "2061"]
[PlyCount "63"]
[EventDate "2022.06.04"]
[EventType "swiss"]
[EventRounds "6"]
[EventCountry "ENG"]
[SourceTitle "CBM 208 Extra"]
[Source "ChessBase"]
[SourceDate "2022.07.31"]
[SourceVersion "1"]
[SourceVersionDate "2022.07.31"]
[SourceQuality "1"]

1. e4 g6 2. d4 Bg7 3. Nc3 b6 4. f4 Bb7 5. Nf3 e6 6. Bd3 Ne7 7. Be3 d5 8. e5 Nd7 9. Qd2 a6 10. Ne2 c5 11. c3 Rc8 12. 0-0 h5 13. h3 b5 14. g4 hxg4 15. hxg4 Qa5 16. dxc5 f6 17. b4 Qc7 18. Ned4 Nf8 19. exf6 Bxf6 20. a4 bxa4 21. Rxa4 e5 22. fxe5 Bxe5 23. Nxe5 Qxe5 24. Bf4 Qf6 25. Bg3 Qg7 26. Bxa6 Bxa6 27. Rxa6 Qh7 28. Qg2 g5 29. Ra7 Qd3 30. Qf2 Qe4 31. Qf7+ Kd8 32. Qxf8+ 1-0

[Event "BCF-chT4S 1819 (4NCL)"]
[Site "England"]
[Date "2019.04.14"]
[Round "8.32"]
[White "Lancaster, Roger"]
[Black "Kelmendi, Bajrush"]
[Result "0-1"]
[WhiteElo "1945"]
[BlackElo "1942"]
[PlyCount "60"]
[EventDate "2018.11.17"]
[EventType "team-swiss"]
[EventRounds "11"]
[EventCountry "ENG"]
[SourceTitle "EXT 2021"]
[Source "ChessBase"]
[SourceDate "2020.10.23"]
[SourceVersion "1"]
[SourceVersionDate "2020.10.23"]
[SourceQuality "1"]
[WhiteTeam "Watford"]
[BlackTeam "Celtic Tigers II"]
[WhiteTeamCountry "ENG"]
[BlackTeamCountry "ENG"]

1. e4 c5 2. Nc3 Nc6 3. g3 g6 4. Bg2 Bg7 5. d3 b6 6. Be3 Bb7 7. Qd2 a6 8. Nge2 Nd4 9. 0-0 e6 10. Rae1 Rc8 11. f4 Qc7 12. Nd1 Ne7 13. c3 Nxe2+ 14. Rxe2 0-0 15. g4 f5 16. gxf5 gxf5 17. e5 Kh8 18. Rff2 Rg8 19. Bxb7 Qxb7 20. Rg2 Bh6 21. Rxg8+ Rxg8+ 22. Rg2 Ng6 23. c4 Qf3 24. Nc3 Bxf4 25. Bxf4 Nxf4 26. Rxg8+ Kxg8 27. h3 Qg3+ 28. Kh1 Qxh3+ 29. Kg1 Qg3+ 30. Kh1 Nxd3 0-1

[Event "London Classic U2050 op 10th"]
[Site "London"]
[Date "2018.12.16"]
[Round "5"]
[White "Kelmendi, Bajrush"]
[Black "Muskath, Maximillian"]
[Result "0-1"]
[WhiteElo "2085"]
[BlackElo "1855"]
[PlyCount "100"]
[EventDate "2018.12.14"]
[EventType "swiss"]
[EventRounds "5"]
[EventCountry "ENG"]
[SourceTitle "CBM 187 Extra"]
[Source "ChessBase"]
[SourceDate "2018.11.04"]
[SourceVersion "1"]
[SourceVersionDate "2018.11.04"]
[SourceQuality "1"]

1. c4 Nf6 2. Nc3 e5 3. e4 Nc6 4. d3 Bc5 5. Be2 d6 6. Be3 0-0 7. g4 Bxe3 8. fxe3 Nxg4 9. Kd2 Nf2 10. Qf1 Nxh1 11. Qg2 f5 12. Nf3 fxe4 13. Nxe4 Bf5 14. Nc3 e4 15. dxe4 Bg6 16. Rxh1 Ne5 17. Ng5 Qd7 18. h4 h6 19. Nh3 c6 20. Nf4 Bh7 21. Rg1 Rf6 22. h5 Raf8 23. Qg3 Qf7 24. Ke1 Kh8 25. b3 Re8 26. Kd2 a6 27. a4 Nd7 28. b4 Re7 29. b5 Ne5 30. Qh3 Re8 31. Qg2 Rg8 32. Qf1 Nd7 33. Bd3 Nc5 34. Bc2 Re8 35. Qg2 Ne6 36. Nce2 Ng5 37. Nc3 Qxc4 38. Bd3 Qc5 39. Qg4 Ref8 40. Rc1 Qe5 41. bxa6 bxa6 42. Qd7 Rxf4 43. exf4 Qxf4+ 44. Kc2 Qf2+ 45. Kd1 Nf3 46. Be2 Bxe4 47. Nxe4 Qe1+ 48. Kc2 Qxe2+ 49. Kc3 Qe3+ 50. Kb4 Rb8+ 0-1